Pokémon les plus Puissants par type : version sans légendaires et méga-évolutions - Statistiques

Statistiques générales
  • Ce quiz a été pris 1 378 fois
    1 374 depuis la dernière actualisation
  • Le résultat moyen est 29 sur 90
Statistiques - réponses
Hint Réponse % Correct
Dragon Dracolosse
81%
Vol Dracolosse
81%
Acier Métalosse
78%
Psy Métalosse
78%
Dragon Drattak
73%
Vol Drattak
73%
Dragon Carchacrok
69%
Sol Carchacrok
69%
Roche Tyranocif
58%
Ténèbres Tyranocif
58%
Dragon Trioxhydre
53%
Ténèbres Trioxhydre
53%
Eau Léviator
52%
Normal Monaflèmit
52%
Fée Gardevoir
48%
Normal Ronflex
48%
Electrik Elekable
44%
Poison Florizarre
43%
Combat Braségali
40%
Feu Maganon
40%
Combat Cancrelove
37%
Insect Cancrelove
37%
Combat Ekaïser
37%
Dragon Ekaïser
37%
Acier Katagami
37%
Plante Katagami
37%
Acier Bamboiselle
36%
Vol Bamboiselle
36%
Normal Leuphorie
36%
Combat Mouscoto
36%
Insect Mouscoto
36%
Combat Simiabraz
36%
Feu Simiabraz
36%
Feu Pyrax
35%
Insect Pyrax
35%
Eau Sachanobi
35%
Ténèbres Sachanobi
35%
Ténèbres Amphinobi
34%
Sol Laggron
34%
Electrik Câblifère
33%
Ténèbres Engloutyran
33%
Roche Rhinastoc
33%
Sol Rhinastoc
33%
Poison Zéroïd
33%
Roche Zéroïd
33%
Acier Magnézone
32%
Electrik Magnézone
32%
Spectre Noctunoir
29%
Fée Nymphali
29%
Acier Ama-Ama
28%
Roche Ama-Ama
28%
Glace Mammochon
28%
Sol Mammochon
28%
Feu Pierroteknik
27%
Spectre Pierroteknik
27%
Eau Milobellus
26%
Poison Mandrillon
25%
Feu Arcanin
24%
Fée Togekiss
24%
Vol Togekiss
24%
Spectre Exagide
23%
Fée Florges
22%
Glace Kaimorse
22%
Eau Hyporoi
21%
Glace Lokhlass
21%
Plante Bouldeneu
19%
Sol Hippodocus
19%
Spectre Lugulabre
18%
Electrik Luxray
18%
Fée Oratoria
17%
Psy Mentali
16%
Plante Archéduc
15%
Spectre Archéduc
15%
Plante Blindépique
15%
Psy Goupelin
15%
Normal Porygon-Z
15%
Electrik Voltali
14%
Poison Nostenfer
13%
Insect Yanméga
13%
Glace Sorbouboul
11%
Psy Noadkoko
10%
Roche Aéroptéryx
8%
Vol Aéroptéryx
8%
Glace Crustabri
7%
Insect Sarmuraï
7%
Psy Staross
7%
Eau Froussardine
6%
Normal Porygon2
4%
Plante Chevroum
3%
Poison Tentacruel
3%
Aucun quiz correspondant
Distribution des résultats
% des personnes avec chaque résultat
Percentile par nombre de réponses
Votre historique - résultats
Vous n’avez pas pris ce quiz depuis la dernière actualisation